| 000 | 01432cam a22003134a 4500 | ||
|---|---|---|---|
| 001 | 15257495 | ||
| 005 | 20081212175915.0 | ||
| 008 | 080411s2008 nyua b 001 0 eng | ||
| 010 | _a2008016428 | ||
| 020 | _a0230573126 (alk. paper) | ||
| 020 | _a9780230573123 | ||
| 040 |
_aDLC _cDLC _dDLC |
||
| 050 | 0 | 0 |
_aLB1044.87 _b.C537 2008 |
| 082 | 0 | 0 |
_a378.17344678 _222 _bCLA |
| 100 | 1 |
_aClarke, Alan, _d1952- |
|
| 245 | 1 | 0 |
_aE-Learning Skills / _cAlan Clarke. |
| 250 | _a2nd ed. | ||
| 260 |
_aNew York : _bPalgrave Macmillan, _cc2008. |
||
| 300 |
_axiv, 317 p. : _bill. ; _c22 cm. |
||
| 490 | 0 | _aPalgrave study guides | |
| 504 | _aIncludes bibliographical references (p. 312-313) and index. | ||
| 505 | 0 | _aWhat is e-learning? -- Traditional skills -- Computer skills -- Learning environments -- E-learning skills -- Developing skills -- E-assessment -- Communication skills -- Group and co-operative learning. | |
| 650 | 0 | _aInternet in education. | |
| 650 | 0 | _aComputer-assisted instruction. | |
| 650 | 0 | _aComputer network resources. | |
| 942 |
_2ddc _cBB |
||
| 999 |
_c10957 _d10957 |
||